000 01328cam a2200349 i 4500
001 30315
003 Mx-PuUPA
005 20250319130923.0
008 140415s2002 mx gr 000 0 spa d
020 _a9703100546
040 _cMx-PuUPA
_aMx-PuUPA
_bspa
_dMx-PuUPA
_erda
041 0 _aspa
110 _aUniversidad Autónoma Metropolitana
_eautor
245 1 0 _aReflexiones en torno a la historiografía contemporánea :
_bobjetos, fuentes y usos del pasado /
_cUniversidad Autónoma Metropolitana ; José Ronzón y Saúl Jerónimo, coordinadores ; con la colaboración de Carlos Martínez
250 _aPrimera edición
264 1 _aMéxico, D.F. :
_bUniversidad Autónoma Metropolitana,
_c2002
300 _a384 páginas ;
_c23 cm
336 _2rdacontent
_atexto
_btxt
337 _2rdamedia
_asin medio
_bn
338 _2rdacarrier
_avolumen
_bnc
490 0 _aBiblioteca de Ciencias Sociales y Humanidades
490 0 _aHistoria
490 0 _aHistoriografía
650 7 _2armarc
_aHistoriografía
700 1 _aRonzón, José,
_ecoordinador
700 1 _aJerónimo, Saúl,
_ecoordinador
700 1 _aMartínez, Carlos,
_ecolaborador
942 _2ddc
_cLI
_h907.2
_iR33
999 _c30315
_d30315